| 000 | 01502nam a2200409 i 4500 | ||
|---|---|---|---|
| 001 | DIGDJUST0093 | ||
| 003 | NyNyDIG | ||
| 006 | m o d | ||
| 007 | cr ||||||||||| | ||
| 008 | 240104s2021 ck a ob 000 0 spa d | ||
| 035 | _a(OCoLC)1397571342 | ||
| 040 |
_aDGITA _beng _erda _epn _cDGITA |
||
| 020 |
_a9789585597594 _qeBook |
||
| 043 | _as-ve--- | ||
| 050 | 1 | 4 | _aJC599.V4 ebook |
| 100 | 1 |
_aMonsalve Casado, Ezequiel, _eauthor. |
|
| 245 | 1 | 0 |
_aDefender los derechos humanos en Venezuela : _bretos de la sociedad civil para enfrentar el cierre del espacio democrático / _cEzequiel Monsalve [and 3 others]. |
| 250 | _aPrimera edición. | ||
| 264 | 1 |
_aBogotá, D.C. : _bEditorial Dejusticia, _c[2021] |
|
| 300 |
_a1 online resource : _billustrations. |
||
| 336 |
_atext _btxt _2rdacontent |
||
| 337 |
_acomputer file _bc _2rdamedia |
||
| 338 |
_aonline resource _bcr _2rdacarrier |
||
| 347 |
_atext file _2rdaft |
||
| 347 | _bPDF | ||
| 490 | 1 | _aSerie Anfibia | |
| 504 | _aIncludes bibliographical references. | ||
| 588 | 0 | _aOnline resource; title from PDF title page (Digitalia, viewed January 4, 2024) | |
| 650 | 0 |
_aHuman rights _zVenezuela. |
|
| 650 | 0 | _aInternational law and human rights. | |
| 791 | 2 |
_aDigitalia (Firm), _edistributor. |
|
| 793 | 0 |
_gDigitalia eBook Collection: _aEditorial Dejusticia |
|
| 830 | 0 | _aSerie anfibia. | |
| 856 | 4 | 0 |
_3Digitalia Hispánica _uhttps://www.digitaliapublishing.com/a/130737/ |
| 910 | _aPremium collection: 2024 | ||
| 942 | _cRAA | ||
| 999 |
_c281154 _d281154 |
||